000 00816nam a22002057ib4500
001 IT\ICCU\SBL\0289402
003 ItRI
005 20260115232314.0
008 910930s1978 it |||||| ||||| |||||c
015 _2IT
_a814533
040 _bita
_cimportazione bologna sebina
041 7 _aita
_2ISO-639-2
100 1 _aMellen, Joan
_0IT\ICCU\RAVV\054531
_4aut
240 1 0 _aWomen and their sexuality in the new film .
_3IT\ICCU\SBL\0289401
_9Mellen, Joan
245 1 3 _a1: Aldrich, Bergman, Bertolucci, Bunuel, Chabrol, Morissey, Nichols, Pakula, Rafelson, Schlesinger, Varda e altri /
_cJoan Mellen.
260 _aMilano :
_bLa salamandra,
_c1978
300 _a152 p. :
_bill. ;
_c20 cm
773 0 _wIT\ICCU\SBL\0289400
_tDonne e sessualità nel cinema d'oggi
_g1
_aMellen, Joan
_0IT\ICCU\RAVV\054531
942 _2ddc
_cBK
_n0
999 _c20355
_d20355